Probability with statistical applications /
Guardado en:
| Autor Principal: | |
|---|---|
| Otros Autores: | , |
| Formato: | Libro |
| Idioma: | English |
| Publicado: |
Reading, Mass. :
Addison-Wesley,
c1970.
|
| Edición: | 2nd ed. |
| Series: | Addison-Wesley series in statistics
|
| Materias: | |
| Etiquetas: |
Agregar Etiqueta
Sin Etiquetas, Sea el primero en etiquetar este registro!
|
| LEADER | 00862cam a2200253 a 4500 | ||
|---|---|---|---|
| 001 | MAT.inmabb004761 | ||
| 008 | 710212s1970####maua#####b####001#0#eng## | ||
| 005 | 20150630184947.0 | ||
| 245 | 1 | 0 | |a Probability with statistical applications / |c Frederick Mosteller, Robert E. K. Rourke, George B. Thomas, Jr. |
| 250 | |a 2nd ed. | ||
| 260 | |a Reading, Mass. : |b Addison-Wesley, |c c1970. | ||
| 300 | |a xv, 527 p. : |b il. ; |c 25 cm. | ||
| 490 | 0 | |a Addison-Wesley series in statistics | |
| 504 | |a Bibliografía: p. 497-499. | ||
| 020 | |a 0201048574 | ||
| 100 | 1 | |a Mosteller, Frederick, |d 1916-2006. | |
| 700 | 1 | |a Rourke, Robert E. K. | |
| 700 | 1 | |a Thomas, George B. |q (George Brinton), |d 1914-2006. | |
| 650 | 0 | |a Probabilities. | |
| 650 | 0 | |a Statistics. | |
| 084 | |a 60-01 |2 msc2000 | ||
| 010 | |a 74087039 | ||
| 040 | |a DLC |c DLC |d DLC | ||
| 859 | |h 60 |i M915p |p A-4166 |b BIB. MATEMATICA | ||
